000 00484nam a2200145Ia 4500
008 220216s9999 xx 000 0 und d
100 _aChin H C
245 0 _aColorimetric determination of pentachlorophenol in Hevea latex concentrate
260 _bProceedings of the International Rubber Conference, Kuala Lumpur. V.5, 1975; p299-312
650 _aCalorimetric determination
650 _aHevea latex concentrate
700 _aHiggins G M C
700 _aSingh M M
942 _cJS
999 _c55855
_d55855